000 01284nam2a22002771 4500
001 v19\rc\1569277
005 20250618204445.0
035 _a(NLR Aleph) 004698953
090 _a4040083
_c4040083
100 _a20061002d1892 |||y0rusy50 ca
101 0 _arus
102 _aRU
105 _ay z |||||
200 0 _a... за семилетний период ее существования (1885/86-1891/92)
210 _d1892
_aБ. м.
215 _a[4], XCVIII, 157 с.
461 0 _1001v19\rc\1569276
_12001#$aОтчет о состоянии Гимназии...$eС приложениями$fКиево-Печ. гимназия$v... за семилетний период ее существования (1885/86-1891/92)
_94040073
_aКиево-Печерская мужская гимназия
_cКиев
_d1892-1903
_fКиево-Печ. гимназия
_oС приложениями
_tОтчет о состоянии Гимназии...
_v... за семилетний период ее существования (1885/86-1891/92)
801 0 _aRU
_bNLR
_gpsbo
801 0 _aRU
_bRuMoRGB
_2psbo
801 1 _aRU
_bProSoft-M
_2rusmarc
852 _aNLR
_j19.114.5.3(1)
852 _aNLR
_j19.114.5.3
899 _aRuMoRGB
_jA 207/387
899 _aБАН
942 _cBOOK
980 _aNB